Microcomputer graphics

Bibliographic Details
Main Author: MYERS, Roy E
Format: Book
Published: Massachusetts : Addison-Wesley Publishing , 1982
Subjects:

MARC

LEADER 00000cam a2200000 7i4500
001 0000000526
002 000000611
005 20100610.0
020 |a T000000109 
090 0 0 |a 001.553   |b MYE 
100 1 |a MYERS, Roy E 
245 1 0 |a Microcomputer graphics   |c Roy E. Myers 
260 |a Massachusetts :   |b Addison-Wesley Publishing ,   |c 1982 
300 |a 282p 
650 0 0 |a Computer graphics 
650 0 0 |a Microcomputers-programming 
999 |a 5031   |b BUKU   |c PINJAMAN   |e PERPUSTAKAAN KOMUNITI PETALING JAYA